Fußballvereinsname zur Stadt - Deutschland - Statistiken

Allgemein
  • Dieses Quiz wurde 135 mal gespielt
  • Das Durchschnittsergebnis liegt bei 15 aus 15
Antwortstatistiken
Hint Antwort % Korrekt
Holstein Kiel
100%
Hertha Berlin
99%
Werder Bremen
99%
Dynamo Dresden
99%
Bayer Leverkusen
99%
Arminia Bielefeld
98%
St. Pauli Hamburg
98%
Jahn Regensburg
98%
Hansa Rostock
98%
Alemannia Aachen
97%
Greuther Fürth
97%
Waldhof Mannheim
97%
Carl Zeiss Jena
96%
Preußen Münster
96%
Wehen Wiesbaden
96%
Keine übereinstimmenden Quizze gefunden
Verteilung der Resultate
Anzahl Personen mit jedem Resultat
Perzentil nach korrekt beantworteten Fragen
Ihre Resultats-Entwicklung
Sie haben dieses Quiz noch nicht gespielt